| 000 | 01167cam a2200277 a 4500 | ||
|---|---|---|---|
| 001 | 692625 | ||
| 005 | 19970701141528.6 | ||
| 008 | 960930s1997 mdua b 001 0 eng | ||
| 020 | _a0847683869 (alk. paper) | ||
| 020 | _a0847683850 (pbk. : alk. paper) | ||
| 040 |
_aDLC _cDLC _dDLC |
||
| 082 | 0 | 0 |
_a355.031091821 _222 _bNAT |
| 245 | 0 | 0 |
_aNATO's Transformation : _bthe Changing Shape of the Atlantic Alliance / _cedited by Philip H. Gordon. |
| 260 |
_aLanham : _bRowman & Littlefield Publishers, _cc1997. |
||
| 300 |
_aix, 288 p. : _bill. ; _c24 cm. |
||
| 504 | _aIncludes bibliographical references and index. | ||
| 541 | _aDonation | ||
| 610 | 2 | 0 |
_aNorth Atlantic Treaty Organization. _930857 |
| 651 | 0 |
_aEurope _xForeign relations. _930858 |
|
| 651 | 0 |
_aEurope _xPolitics and government _y1989- _930859 |
|
| 653 |
_bPol _cAugust2012 |
||
| 700 | 1 |
_aGordon, Philip H., _d1962- _930860 |
|
| 942 |
_2ddc _cBB |
||
| 999 |
_c16953 _d16953 |
||